| 000 | 00903nam a22002417a 4500 | ||
|---|---|---|---|
| 003 | BD-DhSAU | ||
| 005 | 20211024130022.0 | ||
| 008 | 210929b |||||||| |||| 00| 0 eng d | ||
| 040 | _aBD-DhSAU | ||
| 082 |
_222 _b332.041 _aAl117 |
||
| 100 |
_aALAM, JANIKA _eRegistration No.:# 12-05204 |
||
| 245 |
_aInancial profitability of carp polyculture in some
selected areas of mymensingh district /
_bMs Thesis |
||
| 260 |
_aSher-e-Bangla Agricultural University Dhaka 1207; _bDepartment of Management and Finance; _c2020; |
||
| 300 |
_aiv; _b48p.; _c30cm.; |
||
| 500 | _aIncluding Index.; | ||
| 590 | _anazmul | ||
| 600 | _qcarp polyculture | ||
| 610 | _amunshiganj district | ||
| 700 |
_aDr. Md. Sadique Rahman _eSupervisor |
||
| 710 |
_aAbu Zafar Ahmed Mukul _eCo-Supervisor |
||
| 856 |
_yOnline Access _uhttp://archive.saulibrary.edu.bd:8080/xmlui/handle/123456789/3221 |
||
| 942 |
_2ddc _cTHESIS |
||
| 999 |
_c15648 _d15647 |
||